Образ времени. Художники - одиннадцатой пятилетке

Dettagli Bibliografici
Altri autori: Купцов И. И. (редактор)
Lingua:russo
Pubblicazione: Москва, Советский художник, 1983
Soggetti:
Natura: Libro
KOHA link:https://koha.lib.tpu.ru/cgi-bin/koha/opac-detail.pl?biblionumber=209996

MARC

LEADER 00000nam0a2200000 4500
001 209996
005 20231031191927.0
035 |a (RuTPU)RU\TPU\book\229356 
090 |a 209996 
100 |a 20120217d1983 m y0rusy50 ca 
101 0 |a rus 
102 |a RU 
105 |a a z 000zy 
200 1 |a Образ времени. Художники - одиннадцатой пятилетке 
210 |a Москва  |c Советский художник  |d 1983 
215 |a с.  |c ил. 
610 1 |a искусство 
610 1 |a изобразительное искусство 
610 1 |a живопись 
610 1 |a скульптура 
610 1 |a плакаты 
610 1 |a Россия 
610 1 |a СССР 
610 1 |a 20 век 
675 |a 7(084)  |v 3 
702 1 |a Купцов  |b И. И.  |4 340 
801 1 |a RU  |b 63413507  |c 20120217 
801 2 |a RU  |b 63413507  |c 20121115  |g RCR 
942 |c BK